[Event "11th EUR-ch"]
[Site "Rijeka CRO"]
[Date "2010.03.17"]
[Round "11"]
[White "Hracek, Zbynek"]
[Black "Brkic, Ante"]
[Result "1-0"]
[WhiteElo "2615"]
[BlackElo "2543"]
[EventDate "2010.03.06"]
[PlyCount "93"]

1.c4 Nf6 2.Nc3 e5 3.Nf3 Nc6 4.g3 d5 5.cxd5 Nxd5 6.Bg2 Nb6 7.a3 Be7 8.b4 
Be6 9.d3 O-O 10.O-O f6 11.Rb1 Nd4 12.Nd2 c6 13.e3 Nb5 14.Nxb5 cxb5 15.Nb3 
Na4 16.Bb2 Qd7 17.Ba1 Rac8 18.d4 Nc3 19.Bxc3 Rxc3 20.d5 Bf5 21.e4 Bg6 22.
h4 Rfc8 23.h5 Bf7 24.Kh2 Qe8 25.Bh3 R8c4 26.d6 Bxd6 27.Qxd6 Rxb3 28.Rxb3 
Rd4 29.Rd3 Rxd6 30.Rxd6 Bc4 31.Rfd1 Qxh5 32.Kg2 Be2 33.Rd8+ Kf7 34.R1d7+ 
Kg6 35.Rg8 Kh6 36.Rgxg7 Qf3+ 37.Kh2 Qxe4 38.Rxb7 Qc2 39.Rgf7 Bh5 40.Rxf6+ 
Bg6 41.Rxa7 e4 42.Re7 Qb2 43.Rf4 Qc3 44.Bf5 Qf6 45.Re6 Qf7 46.Rexe4 Bxf5 
47.Re5 1-0

[Event "11th EUR-ch"]
[Site "Rijeka CRO"]
[Date "2010.03.17"]
[Round "11"]
[White "Guliev, Namig"]
[Black "Mamedov, Nidjat"]
[Result "1-0"]
[WhiteElo "2516"]
[BlackElo "2623"]
[EventDate "2010.03.06"]
[PlyCount "93"]

1.e4 c5 2.Nf3 e6 3.d4 cxd4 4.Nxd4 a6 5.Bd3 Bc5 6.Nb3 Be7 7.O-O d6 8.a4 Nf6
9.a5 b5 10.axb6 Qxb6 11.Be3 Qc7 12.Nc3 O-O 13.Qe2 a5 14.Nb5 Qd8 15.Na7 Bb7
16.e5 dxe5 17.Nxa5 Qd5 18.f3 Bc5 19.c4 Bxe3+ 20.Qxe3 Qd7 21.Rfd1 Qe7 22.
Nb5 Nc6 23.Nxc6 Bxc6 24.Qxe5 Bxb5 25.cxb5 Nd5 26.Rxa8 Rxa8 27.Bc4 Nb6 28.
b3 Rd8 29.Rxd8+ Qxd8 30.h3 Nd7 31.Qd6 Qb6+ 32.Qxb6 Nxb6 33.Kf2 Kf8 34.Ke3 
Ke7 35.Kd4 Kd6 36.f4 f6 37.Kc3 e5 38.fxe5+ Kxe5 39.Kb4 Kd6 40.Ka5 Kc7 41.
Bg8 h5 42.Bf7 h4 43.Be6 Kb7 44.Kb4 Kc7 45.Kc5 Na8 46.Bg4 Nb6 47.Bf5 1-0

[Event "11th EUR-ch"]
[Site "Rijeka CRO"]
[Date "2010.03.17"]
[Round "11"]
[White "Todorovic, Goran"]
[Black "Edouard, Romain"]
[Result "0-1"]
[WhiteElo "2453"]
[BlackElo "2617"]
[EventDate "2010.03.06"]
[PlyCount "124"]

1.e4 c5 2.Nf3 d6 3.d4 cxd4 4.Nxd4 Nf6 5.Nc3 Nc6 6.Bc4 Qb6 7.Nde2 e6 8.O-O 
Be7 9.Bb3 O-O 10.Qd3 Na5 11.Qg3 Bd7 12.Bh6 Ne8 13.Rad1 Rc8 14.e5 Nxb3 15.
axb3 d5 16.Nd4 Bc5 17.Be3 f6 18.Rfe1 Qc7 19.f4 fxe5 20.fxe5 g6 21.Bh6 Ng7 
22.Bxg7 Kxg7 23.Kh1 Qb6 24.Qg4 h5 25.Qh4 Kh6 26.Nce2 Qd8 27.Qxd8 Rcxd8 28.
h4 Rf7 29.Kh2 Rdf8 30.c3 Rf2 31.Kg3 Bxd4 32.Nxd4 Rxb2 33.Rf1 Kg7 34.Rxf8 
Kxf8 35.Rf1+ Kg7 36.Rf6 a5 37.Nxe6+ Bxe6 38.Rxe6 Rxb3 39.Kf4 a4 40.Rd6 a3 
41.Rxd5 Rb6 42.Rd7+ Kf8 43.Rd1 a2 44.Ra1 Ra6 45.Kg5 Kg7 46.g4 hxg4 47.Kxg4
Ra4+ 48.Kg5 Ra5 49.h5 gxh5 50.Kxh5 Kf7 51.Kg4 Ke6 52.Kf4 Ra4+ 53.Ke3 Kxe5 
54.Kd3 Kd5 55.Kc2 Kc4 56.Kb2 Ra8 57.Kc2 Ra6 58.Kb2 b5 59.Kc2 Rh6 60.Kb2 
Rh2+ 61.Ka3 Kxc3 62.Rc1+ Rc2 0-1

[Event "11th EUR-ch"]
[Site "Rijeka CRO"]
[Date "2010.03.17"]
[Round "11"]
[White "Petrosian, Tigran L."]
[Black "Nikolov, Momchil"]
[Result "1/2-1/2"]
[WhiteElo "2612"]
[BlackElo "2550"]
[EventDate "2010.03.06"]
[PlyCount "107"]

1.e4 c5 2.Nf3 e6 3.d4 cxd4 4.Nxd4 a6 5.Nc3 Qc7 6.Be2 Nf6 7.O-O Be7 8.f4 d6
9.a4 Nc6 10.Be3 O-O 11.Kh1 Re8 12.Bf3 Bf8 13.Qd2 Na5 14.b3 Nc6 15.Nde2 Rb8
16.g4 d5 17.e5 Nd7 18.Nd1 b5 19.axb5 axb5 20.Nf2 Bb7 21.Nd3 f6 22.Nd4 fxe5
23.Nxc6 Qxc6 24.fxe5 Rbc8 25.Ra7 Ra8 26.Rfa1 Rxa7 27.Rxa7 Ra8 28.Rxa8 Bxa8
29.Qf2 Bb7 30.Bd4 Be7 31.Kg2 b4 32.Qd2 Qb5 33.g5 Nc5 34.Nxc5 Bxc5 35.Bg4 
Bc8 36.h4 Bd7 37.h5 Qb6 38.Bxc5 Qxc5 39.Qf2 Qe7 40.Qe3 d4 41.Qxd4 Qxg5 42.
Kg3 Bc6 43.Qf4 Qe7 44.Qd4 Qg5 45.Qf4 Qe7 46.c4 bxc3 47.Qc4 Bd5 48.Qxc3 Qa7
49.Kh3 h6 50.Bf3 Bxf3 51.Qxf3 Qd4 52.Qa8+ Kh7 53.Qe8 Qc3+ 54.Kg2 1/2-1/2

[Event "11th EUR-ch"]
[Site "Rijeka CRO"]
[Date "2010.03.17"]
[Round "11"]
[White "Stevic, Hrvoje"]
[Black "Gdanski, Jacek"]
[Result "1-0"]
[WhiteElo "2610"]
[BlackElo "2527"]
[EventDate "2010.03.06"]
[PlyCount "104"]

1.e4 e5 2.Nc3 Nf6 3.g3 Bc5 4.Bg2 O-O 5.Nge2 c6 6.O-O d5 7.exd5 cxd5 8.d4 
exd4 9.Nxd4 Bg4 10.Qd3 Nc6 11.Nxc6 bxc6 12.Na4 Bd6 13.Be3 Re8 14.Qc3 Be5 
15.Bd4 Ne4 16.Qd3 Be2 17.Qxe2 Bxd4 18.Bxe4 Rxe4 19.Qa6 Qc8 20.Qa5 h5 21.
Rae1 Qe6 22.Rxe4 Qxe4 23.c3 h4 24.cxd4 h3 25.f3 Qxd4+ 26.Rf2 Re8 27.Nc5 
Qd1+ 28.Rf1 Qc2 29.Rf2 Qc1+ 30.Rf1 Qxb2 31.Rf2 Qc1+ 32.Rf1 Qc4 33.Nb3 Qc2 
34.Qd2 Qf5 35.Nd4 Qf6 36.Ne2 c5 37.Nf4 d4 38.Nd3 c4 39.Nf2 c3 40.Qd1 Re3 
41.Ng4 Qg5 42.Qc1 Re5 43.Nxe5 Qxe5 44.Qe1 Qb5 45.a4 Qd7 46.Kf2 g6 47.a5 
Kh7 48.Qc1 Qa4 49.Re1 Qa2+ 50.Re2 Qxa5 51.Qf4 Qd5 52.Re7 Qa2+ 1-0

[Event "11th EUR-ch"]
[Site "Rijeka CRO"]
[Date "2010.03.17"]
[Round "11"]
[White "Guseinov, Gadir"]
[Black "Swiercz, Dariusz"]
[Result "1-0"]
[WhiteElo "2609"]
[BlackElo "2488"]
[EventDate "2010.03.06"]
[PlyCount "73"]

1.e4 c5 2.Nf3 e6 3.Nc3 a6 4.d4 cxd4 5.Nxd4 Qc7 6.g3 Bb4 7.Bd2 Nf6 8.Bg2 
Nc6 9.Nb3 Be7 10.O-O d6 11.f4 b5 12.a3 Bb7 13.g4 Nd7 14.Qe2 O-O 15.g5 Rfe8
16.Be3 Nb6 17.Rad1 Bf8 18.Rf3 Nc4 19.Bc1 g6 20.Rh3 Rad8 21.Kh1 Bg7 22.Qf2 
Qe7 23.f5 exf5 24.Nd5 Qe5 25.Qh4 fxe4 26.Nf6+ Kf8 27.Qxh7 Ne7 28.Nd4 d5 
29.b3 e3 30.Nf3 Qc3 31.bxc4 dxc4 32.Rd7 Bxf6 33.gxf6 Qxf6 34.Bxe3 Qa1+ 35.
Ng1 Bxg2+ 36.Kxg2 Rxd7 37.Bh6+ 1-0

[Event "11th EUR-ch"]
[Site "Rijeka CRO"]
[Date "2010.03.17"]
[Round "11"]
[White "Podolchenko, Evgeniy"]
[Black "Safarli, Eltaj"]
[Result "1/2-1/2"]
[WhiteElo "2502"]
[BlackElo "2606"]
[EventDate "2010.03.06"]
[PlyCount "29"]

1.d4 Nf6 2.c4 g6 3.Nc3 d5 4.cxd5 Nxd5 5.e4 Nxc3 6.bxc3 Bg7 7.Nf3 c5 8.Be3 
Qa5 9.Qd2 Nc6 10.Rc1 cxd4 11.cxd4 Qxd2+ 12.Kxd2 O-O 13.d5 Rd8 14.Ke1 Nb4 
15.Bd2 1/2-1/2

[Event "11th EUR-ch"]
[Site "Rijeka CRO"]
[Date "2010.03.17"]
[Round "11"]
[White "Chirila, Ioan-Cristian"]
[Black "Kotronias, Vasilios"]
[Result "1-0"]
[WhiteElo "2487"]
[BlackElo "2593"]
[EventDate "2010.03.06"]
[PlyCount "63"]

1.e4 c5 2.Nf3 Nc6 3.d4 cxd4 4.Nxd4 Nf6 5.Nc3 d6 6.Bc4 Qb6 7.Nxc6 bxc6 8.
O-O g6 9.Qe1 Qc5 10.b3 Bg7 11.Be3 Qh5 12.Be2 Qa5 13.f4 Nd7 14.Bd2 Qc7 15.
Qh4 a5 16.Rae1 Nc5 17.f5 Be5 18.Rf3 Bb7 19.Bc4 O-O-O 20.Bxf7 gxf5 21.exf5 
Rhf8 22.Bh5 d5 23.Bf4 Nd7 24.Bxe5 Nxe5 25.Rf2 d4 26.Qe4 Nd7 27.Qxd4 Nf6 
28.Qh4 Nxh5 29.Qxh5 c5 30.Qh6 Rf6 31.Qxh7 Qc6 32.Qxe7 1-0

[Event "11th EUR-ch"]
[Site "Rijeka CRO"]
[Date "2010.03.17"]
[Round "11"]
[White "Buhmann, Rainer"]
[Black "Nedilko, Vasyl"]
[Result "1-0"]
[WhiteElo "2587"]
[BlackElo "2400"]
[EventDate "2010.03.06"]
[PlyCount "85"]

1.Nf3 Nf6 2.c4 g6 3.Nc3 d5 4.cxd5 Nxd5 5.Qa4+ Nc6 6.Ne5 Qd6 7.Nxc6 Qxc6 8.
Qxc6+ bxc6 9.g3 Rb8 10.Bg2 Be6 11.b3 Bg7 12.Bb2 O-O 13.Nxd5 Bxd5 14.Bxg7 
Kxg7 15.O-O Rfd8 16.d3 Bxg2 17.Kxg2 Rb6 18.Rfc1 Kf8 19.Rc4 Ke8 20.Rac1 Rd6
21.Ra4 a6 22.f4 Kd8 23.Kf3 Kc8 24.Rc5 Rd5 25.Rac4 Kd7 26.d4 Rxc5 27.Rxc5 
Rb5 28.Rc4 Kd6 29.Ke4 f5+ 30.Kd3 Kd5 31.b4 Kd6 32.Kc3 Kd7 33.Kb3 Rd5 34.e3
Rb5 35.Ka4 Rd5 36.Rc3 Rb5 37.Kb3 Rd5 38.Kc4 Kc8 39.Ra3 Kb7 40.Ra5 Rd6 41.
Re5 e6 42.h3 h5 43.Kd3 1-0

[Event "11th EUR-ch"]
[Site "Rijeka CRO"]
[Date "2010.03.17"]
[Round "11"]
[White "Banusz, Tamas"]
[Black "Volokytin, Andriy"]
[Result "1/2-1/2"]
[WhiteElo "2517"]
[BlackElo "2687"]
[EventDate "2010.03.06"]
[PlyCount "118"]

1.Nf3 c5 2.c4 Nc6 3.d4 cxd4 4.Nxd4 Nf6 5.Nc3 e6 6.e3 d5 7.cxd5 exd5 8.Be2 
Bd6 9.O-O O-O 10.Bf3 Be5 11.Qd3 Bc7 12.Nxc6 bxc6 13.e4 dxe4 14.Bxe4 Nxe4 
15.Qxe4 Qf6 16.Re1 Rb8 17.Qe7 Bd8 18.Qe2 Ba5 19.Be3 Rxb2 20.Qxb2 Bxc3 21.
Qa3 Bxe1 22.Rxe1 Be6 23.Qxa7 h5 24.a4 Qg6 25.Qe7 Ra8 26.Qg5 Qxg5 27.Bxg5 
Rxa4 28.Be3 Bd5 29.h3 f6 30.Rb1 Ra5 31.Rb8+ Kh7 32.Rc8 g5 33.Rd8 Ra4 34.
Rd6 Kg6 35.Bb6 Kf7 36.Bd8 Rf4 37.Rd7+ Ke6 38.Re7+ Kf5 39.Rd7 g4 40.Rd6 Kg6
41.hxg4 hxg4 42.Bc7 Rf5 43.Bd8 Kf7 44.Rd7+ Kg6 45.Rd6 Rf4 46.Bc7 Kg5 47.
Bd8 Rf5 48.Be7 Be4 49.Re6 Bd5 50.Rd6 Rf4 51.Bd8 Kg6 52.Bc7 Re4 53.Bd8 Re1+
54.Kh2 Re6 55.Rxe6 Bxe6 56.Bb6 Kf5 57.Bd4 Bd7 58.Kg3 Ke6 59.f3 gxf3 
1/2-1/2

[Event "11th EUR-ch"]
[Site "Rijeka CRO"]
[Date "2010.03.17"]
[Round "11"]
[White "Korobov, Anton"]
[Black "Djukic, Nikola"]
[Result "1-0"]
[WhiteElo "2663"]
[BlackElo "2509"]
[EventDate "2010.03.06"]
[PlyCount "97"]

1.d4 Nf6 2.c4 g6 3.Nc3 Bg7 4.e4 d6 5.Nf3 O-O 6.Be2 e5 7.O-O Nc6 8.d5 Ne7 
9.b4 a5 10.Ba3 c6 11.dxc6 bxc6 12.b5 c5 13.Qd3 Qb6 14.Ne1 Bb7 15.Nc2 Bh6 
16.Ne3 Ne8 17.Rad1 Nc8 18.Ned5 Qd8 19.Qh3 Bg5 20.g3 Nb6 21.f4 Nxd5 22.Nxd5
exf4 23.gxf4 Be7 24.e5 Bxd5 25.Rxd5 Qb6 26.exd6 Bxd6 27.f5 Nc7 28.Rd3 Be5 
29.Bf3 Rad8 30.Rxd8 Rxd8 31.Bc6 Ne8 32.Kh1 Bd4 33.Bc1 Nf6 34.Bg5 Rd6 35.
fxg6 hxg6 36.Qc8+ Rd8 37.Qb7 Qxb7 38.Bxb7 Kg7 39.Bf4 Ng4 40.Bd5 Be5 41.
Bxe5+ Nxe5 42.b6 f5 43.b7 Rb8 44.Rb1 Ng4 45.Rb5 Ne3 46.Bc6 Nxc4 47.Rxc5 
Nd6 48.Rxa5 Nxb7 49.Ra7 1-0

[Event "11th EUR-ch"]
[Site "Rijeka CRO"]
[Date "2010.03.17"]
[Round "11"]
[White "Anisimov, Pavel"]
[Black "Riazantsev, Alexander"]
[Result "0-1"]
[WhiteElo "2519"]
[BlackElo "2660"]
[EventDate "2010.03.06"]
[PlyCount "96"]

1.e4 c6 2.d4 d5 3.Nd2 dxe4 4.Nxe4 Bf5 5.Ng3 Bg6 6.h4 h6 7.Nf3 Nd7 8.h5 Bh7
9.Bd3 Bxd3 10.Qxd3 e6 11.Bd2 Ngf6 12.O-O-O Be7 13.Ne4 Nxe4 14.Qxe4 Nf6 15.
Qe2 Qd5 16.c4 Qe4 17.Qxe4 Nxe4 18.Be3 O-O 19.Ne5 Rfd8 20.g4 Rac8 21.f3 Nd6
22.b3 b5 23.c5 Ne8 24.Kc2 Bf6 25.f4 Bxe5 26.fxe5 Nc7 27.g5 Nd5 28.Bc1 hxg5
29.Bxg5 f6 30.Bd2 Kf7 31.h6 Rh8 32.hxg7 Rxh1 33.Rxh1 f5 34.a4 bxa4 35.bxa4
Kxg7 36.Rg1+ Kh7 37.Rh1+ Kg7 38.Rb1 Rc7 39.a5 Kg6 40.Rg1+ Kh7 41.Rh1+ Kg8 
42.Kd3 Rh7 43.Rb1 Rh3+ 44.Ke2 f4 45.Rf1 Ra3 46.Bxf4 Rxa5 47.Rg1+ Kf7 48.
Bh6 Ke7 0-1

[Event "11th EUR-ch"]
[Site "Rijeka CRO"]
[Date "2010.03.17"]
[Round "11"]
[White "Martinovic, Sasa"]
[Black "Krasenkow, Michal"]
[Result "1/2-1/2"]
[WhiteElo "2509"]
[BlackElo "2652"]
[EventDate "2010.03.06"]
[PlyCount "65"]

1.d4 Nf6 2.c4 g6 3.Nf3 Bg7 4.g3 c6 5.Bg2 d6 6.O-O O-O 7.Nc3 Bf5 8.b3 Ne4 
9.Bb2 Nxc3 10.Bxc3 Be4 11.e3 b5 12.Qe2 Qb6 13.Rfc1 Na6 14.Bf1 bxc4 15.bxc4
c5 16.Nd2 Bc6 17.Rab1 Qc7 18.d5 Bd7 19.Bxg7 Kxg7 20.Qd3 Rfb8 21.Qc3+ f6 
22.a3 Rb6 23.Bd3 Rab8 24.f4 Rxb1 25.Rxb1 Rxb1+ 26.Bxb1 Qb6 27.Bc2 Nc7 28.
Kg2 Qb8 29.h3 h5 30.Qd3 Be8 31.Qc3 Bd7 32.Qd3 Be8 33.Qc3 1/2-1/2

[Event "11th EUR-ch"]
[Site "Rijeka CRO"]
[Date "2010.03.17"]
[Round "11"]
[White "Smirin, Ilia"]
[Black "Makarov, Marat"]
[Result "1-0"]
[WhiteElo "2647"]
[BlackElo "2510"]
[EventDate "2010.03.06"]
[PlyCount "109"]

1.e4 c5 2.Nf3 d6 3.d4 cxd4 4.Nxd4 Nf6 5.Nc3 Nc6 6.Bg5 g6 7.Bxf6 exf6 8.Bc4
Bg7 9.Ndb5 O-O 10.Qxd6 a6 11.Qxd8 Rxd8 12.Nc7 Ra7 13.N7d5 b5 14.Bb3 f5 15.
O-O-O Kf8 16.exf5 Bxf5 17.Ne3 Rxd1+ 18.Rxd1 Bd7 19.Ne4 Nd4 20.Nc5 Be8 21.
c3 Nxb3+ 22.axb3 a5 23.Rd8 Rc7 24.Ne4 Ke7 25.Rd2 Rc6 26.g4 h6 27.f3 Kf8 
28.Rd8 Be5 29.Nd5 Bxh2 30.Nef6 Re6 31.c4 bxc4 32.bxc4 Be5 33.Nd7+ Kg7 34.
Nc5 Bc6 35.Nxe6+ fxe6 36.f4 Bd4 37.Rd6 Bxd5 38.cxd5 exd5 39.Rxd5 Be3+ 40.
Kd1 Bxf4 41.Rxa5 Kf6 42.Ke2 Ke6 43.Kf3 Bd6 44.Ke4 Be7 45.Ra6+ Kf7 46.Ra5 
Ke6 47.Re5+ Kd7 48.b3 Bd6 49.Rd5 Kc6 50.Kd4 Be7 51.Kc4 Bd6 52.Rd1 Bg3 53.
Rh1 Bf4 54.Rf1 Be5 55.Rf7 1-0

[Event "11th EUR-ch"]
[Site "Rijeka CRO"]
[Date "2010.03.17"]
[Round "11"]
[White "Goganov, Alexei"]
[Black "Gustafsson, Jan"]
[Result "1/2-1/2"]
[WhiteElo "2492"]
[BlackElo "2646"]
[EventDate "2010.03.06"]
[PlyCount "112"]

1.d4 Nf6 2.c4 e6 3.Nf3 d5 4.Nc3 dxc4 5.e4 Bb4 6.Bg5 c5 7.dxc5 Qxd1+ 8.Rxd1
Nbd7 9.Bd2 Nxc5 10.Bxc4 O-O 11.e5 Nfd7 12.Nb5 Bxd2+ 13.Rxd2 Nb6 14.Be2 Bd7
15.Nd6 Bc6 16.O-O Ne4 17.Nxe4 Bxe4 18.Nd4 a6 19.Re1 Rfd8 20.Bf1 Bg6 21.
Red1 Rd5 22.f4 Bh5 23.Be2 Bxe2 24.Nxe2 Kf8 25.Rxd5 Nxd5 26.Rc1 Rd8 27.Kf2 
Nb4 28.Rc7 b5 29.Ra7 Rd2 30.a3 Nd5 31.Kf3 Rxb2 32.Rxa6 Rb3+ 33.Kf2 g6 34.
g3 h5 35.Nd4 Rb2+ 36.Kf3 b4 37.axb4 Rxb4 38.Ne2 Rb3+ 39.Kf2 Rb2 40.Kf3 
Rb3+ 41.Kf2 h4 42.gxh4 Kg7 43.Ra7 Rd3 44.h5 Rh3 45.hxg6 Rxh2+ 46.Kf3 Kxg6 
47.Ra8 Rh3+ 48.Ng3 Rh4 49.Rg8+ Kh7 50.Rg4 Rxg4 51.Kxg4 Kg6 52.f5+ exf5+ 
53.Nxf5 Nf6+ 54.exf6 Kxf6 55.Nd6 Ke6 56.Nxf7 Kxf7 1/2-1/2

[Event "11th EUR-ch"]
[Site "Rijeka CRO"]
[Date "2010.03.17"]
[Round "11"]
[White "Landa, Konstantin"]
[Black "Skoberne, Jure"]
[Result "1/2-1/2"]
[WhiteElo "2635"]
[BlackElo "2509"]
[EventDate "2010.03.06"]
[PlyCount "37"]

1.d4 Nf6 2.c4 g6 3.Nc3 Bg7 4.e4 d6 5.Nf3 O-O 6.Be2 e5 7.O-O Na6 8.Be3 Ng4 
9.Bg5 Qe8 10.dxe5 dxe5 11.h3 f6 12.Bd2 Nh6 13.Rb1 c6 14.b4 Nf7 15.Be3 Qe7 
16.Qa4 Rd8 17.b5 Nc5 18.Qa3 Bf8 19.Rfd1 1/2-1/2

[Event "11th EUR-ch"]
[Site "Rijeka CRO"]
[Date "2010.03.17"]
[Round "11"]
[White "Kokarev, Dmitry"]
[Black "Fercec, Nenad"]
[Result "1-0"]
[WhiteElo "2622"]
[BlackElo "2492"]
[EventDate "2010.03.06"]
[PlyCount "81"]

1.e4 c5 2.Nf3 Nc6 3.d4 cxd4 4.Nxd4 Qb6 5.Nb3 Nf6 6.Nc3 e6 7.Qe2 d6 8.g4 h6
9.h4 a6 10.Bh3 g6 11.Be3 Qc7 12.g5 hxg5 13.hxg5 Nd7 14.O-O-O Rg8 15.f4 b5 
16.Qf2 Na5 17.f5 Nxb3+ 18.axb3 Ne5 19.Bf4 Bd7 20.fxe6 fxe6 21.Bxe5 dxe5 
22.Rxd7 Qxd7 23.Nd5 Qa7 24.Qf6 exd5 25.Qc6+ Kd8 26.Qxd5+ Kc7 27.Qxg8 Be7 
28.Qd5 Bxg5+ 29.Kb1 Be7 30.Qxe5+ Bd6 31.Qg7+ Kb6 32.Qxg6 Qe7 33.Rf1 Rd8 
34.Rf6 Qe5 35.Re6 Qh2 36.e5 Qxh3 37.Rxd6+ Rxd6 38.Qxd6+ Kb7 39.e6 Qe3 40.
Qd7+ Kb6 41.Qd8+ 1-0

[Event "11th EUR-ch"]
[Site "Rijeka CRO"]
[Date "2010.03.17"]
[Round "11"]
[White "Nigalidze, Gaioz"]
[Black "Azarov, Sergei"]
[Result "1/2-1/2"]
[WhiteElo "2486"]
[BlackElo "2621"]
[EventDate "2010.03.06"]
[PlyCount "45"]

1.d4 Nf6 2.c4 e6 3.Nf3 b6 4.g3 Ba6 5.b3 Bb4+ 6.Bd2 Be7 7.Bg2 c6 8.Bc3 d5 
9.Ne5 Nfd7 10.Nxd7 Nxd7 11.Nd2 O-O 12.O-O Rc8 13.e4 c5 14.exd5 exd5 15.
dxc5 dxc4 16.Nxc4 Bxc4 17.Qg4 Bf6 18.Bxf6 Nxf6 19.Qxc4 Rxc5 20.Qf4 Nd5 21.
Qa4 Qc7 22.Bxd5 Rxd5 23.Rac1 1/2-1/2

[Event "11th EUR-ch"]
[Site "Rijeka CRO"]
[Date "2010.03.17"]
[Round "11"]
[White "Iordachescu, Viorel"]
[Black "Ekstrom, Roland"]
[Result "1/2-1/2"]
[WhiteElo "2621"]
[BlackElo "2491"]
[EventDate "2010.03.06"]
[PlyCount "79"]

1.e4 e5 2.Nf3 Nc6 3.Bb5 Nf6 4.d3 d6 5.c3 Bd7 6.Nbd2 Be7 7.Nf1 O-O 8.Ng3 
Re8 9.Ba4 Bf8 10.h3 h6 11.Nh2 Ne7 12.Bb3 Ng6 13.Ng4 Be6 14.Nf5 c6 15.Qf3 
Nh7 16.h4 d5 17.g3 Qd7 18.Kf1 f6 19.Nge3 dxe4 20.dxe4 Ne7 21.Kg2 Nxf5 22.
Nxf5 Qf7 23.Rd1 h5 24.Nd6 Bxd6 25.Rxd6 Nf8 26.Qd1 Bxb3 27.axb3 Re6 28.Rd3 
Re7 29.Be3 a6 30.c4 Rd7 31.Rxd7 Nxd7 32.Rc1 Nf8 33.Rc2 Qg6 34.f3 Re8 35.
Rd2 Kh7 36.Rd6 Qf7 37.Kf2 Re7 38.Rd8 Rd7 39.Rxd7 Qxd7 40.Qxd7 1/2-1/2

[Event "11th EUR-ch"]
[Site "Rijeka CRO"]
[Date "2010.03.17"]
[Round "11"]
[White "Saric, Ante"]
[Black "Andriasian, Zaven"]
[Result "1/2-1/2"]
[WhiteElo "2483"]
[BlackElo "2609"]
[EventDate "2010.03.06"]
[PlyCount "79"]

1.d4 d5 2.c4 c6 3.cxd5 cxd5 4.Nf3 Nc6 5.Nc3 Nf6 6.Bf4 a6 7.Rc1 e6 8.e3 Be7
9.Ne5 Nxe5 10.Bxe5 O-O 11.Bd3 Bd7 12.O-O Rc8 13.Qe2 Bc6 14.Rc2 g6 15.Rfc1 
Nd7 16.Bg3 Nb6 17.Nb1 Qd7 18.Nd2 Na8 19.Nb3 Ba4 20.Nc5 Bxc5 21.Rxc5 Rxc5 
22.Rxc5 Rc8 23.Qf3 Rxc5 24.dxc5 Nc7 25.Qf6 Ne8 26.Qd4 f6 27.e4 dxe4 28.
Qxd7 Bxd7 29.Bxe4 Bc6 30.Bc2 Kf7 31.f4 Nc7 32.Be1 e5 33.fxe5 fxe5 34.h4 
Ne6 35.b4 Nd4 36.Bd1 Bd5 37.a3 Bb3 38.Bg4 Be6 39.Bd1 Bb3 40.Bg4 1/2-1/2

[Event "11th EUR-ch"]
[Site "Rijeka CRO"]
[Date "2010.03.17"]
[Round "11"]
[White "Berbatov, Kiprian"]
[Black "Lenic, Luka"]
[Result "1/2-1/2"]
[WhiteElo "2481"]
[BlackElo "2603"]
[EventDate "2010.03.06"]
[PlyCount "77"]

1.e4 e5 2.Nf3 Nc6 3.Bb5 a6 4.Ba4 Nf6 5.O-O b5 6.Bb3 Bc5 7.a4 Rb8 8.c3 d6 
9.d4 Bb6 10.axb5 axb5 11.Na3 O-O 12.Nxb5 Bg4 13.Bc2 exd4 14.Nbxd4 Nxd4 15.
cxd4 Bxf3 16.gxf3 Nh5 17.Kh1 Qf6 18.Be3 Nf4 19.Rg1 g6 20.Ra4 Ne6 21.f4 Ra8
22.e5 dxe5 23.dxe5 Qd8 24.Qxd8 Rfxd8 25.Rxa8 Rxa8 26.f5 Bxe3 27.fxe3 Nf8 
28.Rg4 Ra1+ 29.Kg2 Ra2 30.Rb4 gxf5 31.Bxf5 Ra5 32.Rc4 Rxe5 33.e4 Rb5 34.b4
Ng6 35.Kg3 Ne5 36.Rxc7 Rxb4 37.Kf4 Rb5 38.Re7 Ng6+ 39.Bxg6 1/2-1/2

[Event "11th EUR-ch"]
[Site "Rijeka CRO"]
[Date "2010.03.17"]
[Round "11"]
[White "Kozul, Zdenko"]
[Black "Levin, Evgeny"]
[Result "1/2-1/2"]
[WhiteElo "2602"]
[BlackElo "2486"]
[EventDate "2010.03.06"]
[PlyCount "60"]

1.d4 Nf6 2.Nf3 g6 3.c4 Bg7 4.Nc3 d6 5.e4 O-O 6.Be2 e5 7.O-O Nbd7 8.Qc2 Nh5
9.Bg5 f6 10.Be3 Nf4 11.Bxf4 exf4 12.Rad1 c6 13.c5 dxc5 14.d5 Kh8 15.dxc6 
bxc6 16.Rd6 Qc7 17.Rfd1 Nb6 18.Na4 Re8 19.Nxc5 Nd5 20.e5 Bf8 21.Ne4 Bxd6 
22.Nxd6 Re7 23.exf6 Nxf6 24.Qc3 Kg7 25.Nd4 Bd7 26.Qc5 Nd5 27.Bf3 Qb6 28.
Qc1 Rf8 29.Nc4 Qc7 30.b4 Rf6 1/2-1/2

[Event "11th EUR-ch"]
[Site "Rijeka CRO"]
[Date "2010.03.17"]
[Round "11"]
[White "Erdos, Viktor"]
[Black "Miron, Lucian-Costin"]
[Result "1/2-1/2"]
[WhiteElo "2593"]
[BlackElo "2482"]
[EventDate "2010.03.06"]
[PlyCount "99"]

1.d4 d5 2.c4 e6 3.Nf3 c6 4.Nbd2 f5 5.g3 Bd6 6.Bg2 Nd7 7.b3 Ngf6 8.Bb2 b6 
9.Ne5 Bb7 10.Rc1 O-O 11.cxd5 cxd5 12.O-O Rc8 13.Rxc8 Qxc8 14.Ndf3 Ne4 15.
Nd3 Ba6 16.Re1 Qc7 17.Nfe5 Nxe5 18.dxe5 Bc5 19.e3 Rc8 20.Bf1 Be7 21.Nf4 
Bxf1 22.Rxf1 Qc2 23.Bd4 Qxd1 24.Rxd1 Kf7 25.f3 Ng5 26.Rf1 h6 27.h4 Nh7 28.
Nd3 g5 29.h5 Rc2 30.Rf2 Rxf2 31.Kxf2 Ke8 32.g4 Nf8 33.Kg3 Nd7 34.b4 Kf7 
35.f4 a6 36.a3 Bd8 37.Kf3 Be7 38.Nf2 b5 39.Nd3 Nb8 40.Bc5 Bd8 41.Bd6 Nc6 
42.Bc5 a5 43.Nc1 axb4 44.axb4 gxf4 45.exf4 fxg4+ 46.Kxg4 Be7 47.Bxe7 Kxe7 
48.Nd3 Nd4 49.Nc5 Nc2 50.Nd3 1/2-1/2

[Event "11th EUR-ch"]
[Site "Rijeka CRO"]
[Date "2010.03.17"]
[Round "11"]
[White "Rakhmanov, Alexander"]
[Black "Carlsson, Pontus"]
[Result "1-0"]
[WhiteElo "2584"]
[BlackElo "2478"]
[EventDate "2010.03.06"]
[PlyCount "97"]

1.d4 e6 2.c4 Nf6 3.Nc3 Bb4 4.e3 O-O 5.Bd3 d5 6.Ne2 dxc4 7.Bxc4 c5 8.O-O 
Nc6 9.a3 Bxc3 10.bxc3 Qc7 11.Bb2 Rd8 12.Ba2 b6 13.c4 Bb7 14.d5 Ne5 15.Nf4 
exd5 16.cxd5 Re8 17.Qc2 Rad8 18.Rad1 c4 19.Bb1 h6 20.a4 c3 21.Bxc3 Rc8 22.
Nh5 Neg4 23.Nxf6+ Nxf6 24.Bxf6 Qxc2 25.Bxc2 Rxc2 26.Bh4 Rc4 27.Bg3 Rxa4 
28.Bc7 Bc8 29.Ra1 Ree4 30.f3 Rec4 31.Rxa4 Rxa4 32.Rc1 b5 33.Bb8 Rc4 34.
Rxc4 bxc4 35.Bxa7 c3 36.Bd4 c2 37.Bb2 f5 38.Kf2 Ba6 39.e4 fxe4 40.fxe4 Kf7
41.Ke3 Bf1 42.g3 g5 43.Kd4 h5 44.e5 h4 45.e6+ Kf6 46.Ke4+ Ke7 47.Ke5 hxg3 
48.hxg3 Bb5 49.d6+ 1-0

[Event "11th EUR-ch"]
[Site "Rijeka CRO"]
[Date "2010.03.17"]
[Round "11"]
[White "Pavasovic, Dusko"]
[Black "Durarbayli, Vasif"]
[Result "1-0"]
[WhiteElo "2579"]
[BlackElo "2476"]
[EventDate "2010.03.06"]
[PlyCount "56"]

1.e4 c5 2.c3 g6 3.d4 cxd4 4.cxd4 d5 5.e5 Nc6 6.Nc3 Bg7 7.h3 f6 8.f4 Nh6 9.
g4 O-O 10.Bg2 e6 11.Nf3 Nf7 12.O-O g5 13.exf6 Bxf6 14.fxg5 Nxg5 15.Nxg5 
Bxg5 16.Rxf8+ Kxf8 17.Qf3+ Kg7 18.Bxg5 Qxg5 19.Rf1 Qe7 20.Qe3 Bd7 21.b4 a6
22.a4 Qxb4 23.Qg5+ Kh8 24.Qf6+ Kg8 25.Nxd5 Qxd4+ 26.Qxd4 Nxd4 27.Nf6+ Kg7 
28.Nxd7 Rd8 1-0

[Event "11th EUR-ch"]
[Site "Rijeka CRO"]
[Date "2010.03.17"]
[Round "11"]
[White "Brunello, Sabino"]
[Black "Bosiocic, Marin"]
[Result "1-0"]
[WhiteElo "2476"]
[BlackElo "2577"]
[EventDate "2010.03.06"]
[PlyCount "149"]

1.e4 g6 2.d4 Bg7 3.Nf3 d6 4.Nc3 a6 5.Bd3 Bg4 6.Be3 Nd7 7.Be2 Bxf3 8.Bxf3 
c6 9.Qd2 Qc7 10.g4 e6 11.h4 h6 12.O-O-O Ne7 13.Bg2 b5 14.f4 Nb6 15.b3 d5 
16.e5 h5 17.gxh5 Rxh5 18.Bf3 Rh8 19.h5 Nf5 20.hxg6 fxg6 21.Rxh8+ Bxh8 22.
Rg1 Qf7 23.Nd1 Nc8 24.Bf2 Bg7 25.Nb2 Bh6 26.Nd3 a5 27.Bg4 Nce7 28.Rh1 a4 
29.Kb1 Bf8 30.Qc3 Kd8 31.Nc5 axb3 32.cxb3 Ng8 33.Nd3 Qa7 34.Qd2 Ngh6 35.
Bh3 Ke8 36.Qc2 Kf7 37.Rg1 Be7 38.Ne1 Qa6 39.Nf3 Rh8 40.Be1 b4 41.Bf1 Qb6 
42.Qg2 Rg8 43.Bf2 Ke8 44.Bd3 Kd7 45.Rc1 Qd8 46.Qf1 Qc8 47.Qh3 Nf7 48.Rg1 
N7h6 49.Qf1 Qa8 50.Qe2 Qb8 51.Rg2 Qa7 52.Qd2 Qb8 53.Rg1 Qd8 54.Bf1 Qb6 55.
Qc2 Qa7 56.Bh3 Qb6 57.Ng5 Qa7 58.Nxe6 Kxe6 59.Qxc6+ Kf7 60.Bg2 Rd8 61.
Bxd5+ Kf8 62.Bc4 Ra8 63.a4 bxa3 64.Ka2 Rb8 65.Qxg6 Bd8 66.Qe6 Qh7 67.d5 
Nf7 68.Rg2 Be7 69.Ba7 Ra8 70.Bb6 Nh4 71.Rh2 Nd8 72.Qg4 Qg6 73.Qxg6 Nxg6 
74.d6 Bh4 75.Rg2 1-0

[Event "11th EUR-ch"]
[Site "Rijeka CRO"]
[Date "2010.03.17"]
[Round "11"]
[White "Yemelin, Vasily"]
[Black "Maiwald, Jens-Uwe"]
[Result "1-0"]
[WhiteElo "2576"]
[BlackElo "2474"]
[EventDate "2010.03.06"]
[PlyCount "45"]

1.e4 c5 2.Nf3 e6 3.c3 Nf6 4.e5 Nd5 5.d4 cxd4 6.cxd4 d6 7.a3 Bd7 8.Bd3 Bc6 
9.O-O Nd7 10.b4 a6 11.Re1 Qc7 12.Bb2 Rd8 13.Nbd2 dxe5 14.dxe5 N7b6 15.Bd4 
Be7 16.Rc1 Qd7 17.Bb1 Ba4 18.Qe2 Bb5 19.Qe4 Bc6 20.Qg4 g5 21.Qh5 Nf4 22.
Qh6 Nxg2 23.Bxb6 1-0

[Event "11th EUR-ch"]
[Site "Rijeka CRO"]
[Date "2010.03.17"]
[Round "11"]
[White "Kovacevic, Aleksandar"]
[Black "Petrosian, Davit Gevorgi"]
[Result "1/2-1/2"]
[WhiteElo "2574"]
[BlackElo "2468"]
[EventDate "2010.03.06"]
[PlyCount "32"]

1.e4 e6 2.d4 d5 3.Nc3 Nf6 4.Bg5 dxe4 5.Nxe4 Be7 6.Bxf6 gxf6 7.Nf3 f5 8.Nc3
a6 9.g3 b5 10.Bg2 Bb7 11.O-O O-O 12.Ne5 Bxg2 13.Kxg2 b4 14.Qf3 bxc3 15.
Qxa8 Qxd4 16.Nd3 Qb6 1/2-1/2